Účtovanie sociálneho fondu a základná finančná kontrola

Sociálny fond je fond zamestnávateľa na realizáciu jeho sociálnej politiky v oblasti starostlivosti o svojich zamestnancov. Tvorbu sociálneho fondu, výšku a použitie sociálneho fondu, podmienky poskytovania príspevkov zo sociálneho fondu zamestnancom a spôsob preukazovania výdavkov zamestnancov si o...

Descrizione completa

Salvato in:
Dettagli Bibliografici
Autore principale: Konečná Veverková, Ingrid
Natura: Capitolo di libro
Lingua:slovacco
Soggetti:
Tags: Aggiungi Tag
Nessun Tag, puoi essere il primo ad aggiungerne!!

MARC

LEADER 00000naa a2200000 4500
001 0224606
005 20221104112921.5
041 0 |a slo 
044 |a SK 
245 1 0 |a Účtovanie sociálneho fondu a základná finančná kontrola  |c Ingrid Konečná Veverková 
520 |a Sociálny fond je fond zamestnávateľa na realizáciu jeho sociálnej politiky v oblasti starostlivosti o svojich zamestnancov. Tvorbu sociálneho fondu, výšku a použitie sociálneho fondu, podmienky poskytovania príspevkov zo sociálneho fondu zamestnancom a spôsob preukazovania výdavkov zamestnancov si obce, rozpočtové a príspevkové organizácie dohodnú v kolektívnej zmluve, a ak v týchto subjektoch nepôsobí odborová organizácia, upravia tieto podmienky vo vnútornom predpise. 
610 2 0 |a fond sociálny 
610 2 0 |a zmluvy kolektívne 
610 2 0 |a pomoc sociálna 
610 2 0 |a kontrola finančná 
610 2 0 |a účtovanie 
100 1 |a Konečná Veverková, Ingrid